[Event "Paris-ch"]
[Site "Paris"]
[Date "1990.??.??"]
[Round "?"]
[White "Lamoureux, Charles"]
[Black "Gallagher, Joseph G"]
[Result "0-1"]
[WhiteElo "2255"]
[BlackElo "2470"]

1.e4 c5 2.Nf3 d6 3.d4 cxd4 4.Nxd4 Nf6 5.Nc3 a6 6.Be3 e5 7.Nb3 Be6 8.Be2 Be7
9.O-O O-O 10.Qd2 Nbd7 11.a4 Rc8 12.a5 Qc7 13.Rfd1 Rfe8 14.Qe1 h6 15.h3 Bf8
16.Qf1 Qc6 17.Bf3 Ra8 18.g3 Qc7 19.Bg2 Rac8 20.Qe1 g6 21.Nc1 Ra8 22.Nd3 b6
23.axb6 Nxb6 24.Nb4 a5 25.Nbd5 Bxd5 26.Bxb6 Qxb6 27.Nxd5 Nxd5 28.Rxd5 Qxb2
29.Rdxa5 Rxa5 30.Qxa5 Rc8 31.Ra2 Qd4 32.Qe1 Be7 33.Qe2 Kg7 34.Qd3 Qc5 35.Bf3 Bd8
36.Rb2 Bb6 37.c4 Qa5 38.Qb3 Bd4 39.Ra2 Qe1+ 40.Kg2 Rc6 41.Re2 Qa5 42.Ra2 Qc7
43.Be2 Rb6 44.Qa4 Qb7 45.Qe8 Rb2 46.Qa4 Qxe4+ 47.Bf3 Qb1  0-1

[Event "Paris-ch"]
[Site "Paris"]
[Date "1990.??.??"]
[Round "?"]
[White "Gouret, Thierry"]
[Black "Sandler, Leonid"]
[Result "1/2-1/2"]
[WhiteElo "2250"]
[BlackElo "2325"]

1.e4 c5 2.Nf3 d6 3.d4 cxd4 4.Nxd4 Nf6 5.Nc3 a6 6.Be3 e6 7.Qd2 b5 8.f3 Bb7
9.O-O-O Nbd7 10.g4 Nb6 11.Bd3 Rc8 12.g5 Nfd7 13.h4 Ne5 14.h5 Nbc4 15.Bxc4 Nxc4
16.Qf2 Qc7 17.Rd3 Be7 18.a3 Nxe3 19.Qxe3 Qc5 20.Rg1 g6 21.b4 Qb6 22.e5 Rc4
23.Kb2 dxe5 24.Qxe5 O-O 25.hxg6 fxg6 26.Nxe6 Rf7 27.Rgd1 Rc8 28.f4 a5 29.bxa5 Qxa5
30.Nxb5 Qb6 31.c4 Re8 32.Re1 Bc8 33.Ka2 Bf6 34.gxf6 Rxe6 35.Qc3 Qf2+ 36.Rd2 Qxe1
37.Rd8+ Rf8 38.f7+ Kxf7 39.Nd6+ Ke7 40.Qg7+ Kxd8 41.Qxf8+ Kd7 42.Qxc8+ Kxd6
43.Qd8+ Kc6 44.Qc8+ Kb6 45.Qd8+ Kc6 46.Qc8+ Kb6 47.Qd8+ Kb7 48.Qd7+  1/2-1/2

[Event "Paris-ch"]
[Site "Paris"]
[Date "1990.??.??"]
[Round "?"]
[White "Praud, Jean Luc"]
[Black "Thebault, Bernard"]
[Result "0-1"]
[WhiteElo "2265"]
[BlackElo "2220"]

1.e4 c5 2.Nc3 d6 3.Nf3 a6 4.d4 cxd4 5.Nxd4 Nf6 6.Be3 e5 7.Nb3 Be7 8.f3 Be6
9.Qd2 O-O 10.O-O-O b5 11.Nd5 Nxd5 12.exd5 Bd7 13.Kb1 a5 14.Qf2 a4 15.Nc1 Qc7
16.a3 b4 17.Bb6 Qb7 18.axb4 a3 19.Nb3 Bd8 20.Bxd8 Rxd8 21.bxa3 Rxa3 22.Qh4 Rc8
23.Kb2 Qa7 24.Na5 Rxa5 25.bxa5 Qxa5 26.Bd3 f5 27.Qe1 Qb6+ 28.Kc1 Na6 29.Kd2 Qd4
30.Ke2 Nb4 31.Qf2 Rxc2+ 32.Bxc2 Bb5+  0-1

[Event "World op"]
[Site "Philadelphia"]
[Date "1990.??.??"]
[Round "1"]
[White "Pettersson, Lars Erik"]
[Black "Wolski, Thomas"]
[Result "0-1"]
[WhiteElo "2325"]
[BlackElo "2220"]

1.e4 c5 2.Nf3 d6 3.d4 cxd4 4.Nxd4 Nf6 5.Nc3 a6 6.Be3 e5 7.Nb3 Be6 8.Qd2 Nbd7
9.f3 Be7 10.g4 Nb6 11.g5 Nfd7 12.Na5 Qc7 13.Nd5 Nxd5 14.exd5 Bf5 15.Bc4 O-O
16.Bb3 Rfd8 17.Qb4 Bf8 18.Nc4 b5 19.Nd2 Nc5 20.g6 hxg6 21.h4 Qd7 22.h5  0-1

[Event "URS-chT"]
[Site "Podolsk"]
[Date "1990.??.??"]
[Round "?"]
[White "Beshukov, Sergei"]
[Black "Timoshchenko, Gennadi A"]
[Result "1/2-1/2"]
[WhiteElo "2320"]
[BlackElo "2505"]

1.e4 c5 2.Nf3 d6 3.d4 cxd4 4.Nxd4 Nf6 5.Nc3 a6 6.Be3 e6 7.f4 b5 8.a3 Bb7
9.Bd3 Nbd7 10.Qf3 g6 11.Qh3 Nc5 12.f5 gxf5 13.exf5 e5 14.Nf3 e4 15.Bxc5 dxc5
16.O-O-O exd3 17.Rxd3 Qb6 18.Re1+ Be7 19.Qh6 Bxf3 20.gxf3 Rd8 21.Rxe7+ Kxe7
22.Qe3+ Kf8 23.Qh6+ Ke7 24.Qe3+  1/2-1/2

[Event "URS-chT"]
[Site "Podolsk"]
[Date "1990.??.??"]
[Round "?"]
[White "Atlas, Valeri"]
[Black "Anastasian, Ashot"]
[Result "1-0"]
[WhiteElo "2420"]
[BlackElo "2490"]

1.e4 c5 2.Nf3 d6 3.d4 cxd4 4.Nxd4 Nf6 5.Nc3 a6 6.Be3 e6 7.a4 Nc6 8.g3 Bd7
9.Bg2 Be7 10.O-O Rc8 11.Nxc6 Bxc6 12.a5 O-O 13.Re1 h6 14.Na4 d5 15.Nb6 Nxe4
16.Nxc8 Qxc8 17.Bd4 Nd6 18.Bh3 Re8 19.Qh5 Bg5 20.f4 Be7 21.Rad1 Nb5 22.Bf2 Bf6
23.c3 Nd6 24.Bd4 Qd8 25.Bxf6 Qxf6 26.Qe5 Qd8 27.b3 Nc8 28.c4 Ne7 29.f5 exf5
30.Qd4 Qc8 31.Qc5 Qd8 32.Bg2 d4 33.Rxd4 Qc7 34.Bxc6 bxc6 35.Rd2 f4 36.Rde2 Kf8
37.gxf4 g6 38.Qe5 Qxe5 39.Rxe5 f6 40.Re6 Kf7 41.R6e2 g5 42.Re6 g4  1-0

[Event "Bohemians-B"]
[Site "Prague"]
[Date "1990.??.??"]
[Round "?"]
[White "Boog, Alexandre"]
[Black "Danner, Georg"]
[Result "0-1"]
[WhiteElo "2270"]
[BlackElo "2330"]

1.e4 c5 2.Nf3 d6 3.d4 cxd4 4.Nxd4 Nf6 5.Nc3 a6 6.Be3 e5 7.Nb3 Be7 8.f3 Be6
9.Nd5 Nxd5 10.exd5 Bf5 11.Qd2 h6 12.O-O-O Nd7 13.Kb1 O-O 14.Qf2 Bg5 15.f4 Bxf4
16.Bxf4 exf4 17.Bd3 Bxd3 18.Rxd3 Ne5 19.Rd4 g5 20.h4 Qf6 21.hxg5 hxg5 22.g3 f3
23.Nd2 Kg7 24.Ne4 Qg6 25.Qe3 Rh8 26.Re1 Rh2 27.Rd2 Rah8 28.b3 Rxd2 29.Qxd2 g4
30.Qd4 Rh2 31.Nxd6  0-1

[Event "Bohemians-B"]
[Site "Prague"]
[Date "1990.??.??"]
[Round "?"]
[White "Zvara, Petr"]
[Black "Danner, Georg"]
[Result "0-1"]
[WhiteElo "2200"]
[BlackElo "2330"]

1.e4 c5 2.Nf3 d6 3.d4 cxd4 4.Nxd4 Nf6 5.Nc3 a6 6.Be3 e5 7.Nb3 Be7 8.a4 Be6
9.Nd5 Nbd7 10.f3 Nxd5 11.exd5 Bf5 12.a5 O-O 13.Be2 Bh4+ 14.g3 Bg5 15.Bxg5 Qxg5
16.Qd2 Qd8 17.O-O Bh3 18.Rf2 b5 19.Rd1 Rc8 20.Bf1 Bxf1 21.Kxf1 Rc4 22.Qe3 Qc7
23.c3 Ra4 24.Kg2 Nf6 25.Rff1 Rc8 26.f4 exf4 27.Rxf4 Re8 28.Qf3 Rxf4 29.gxf4 h5
30.Rd2 Qc4 31.Nc1 Re4 32.b3 Qc5 33.Rd3 Qa3 34.Re3 Rxe3 35.Qxe3 Qxa5 36.Ne2 Qa2
37.Qe7 Qxb3 38.Qxd6 Qc2 39.Qe5 Ne4 40.Qe8+ Kh7  0-1

[Event "Pula op"]
[Site "Pula"]
[Date "1990.??.??"]
[Round "1"]
[White "Kuljic, Goran"]
[Black "Arbakov, Valentin"]
[Result "0-1"]
[WhiteElo "2230"]
[BlackElo "2415"]

1.e4 c5 2.d4 cxd4 3.Nf3 d6 4.Nxd4 Nf6 5.Nc3 a6 6.Be3 e5 7.Nf3 Be7 8.Bc4 O-O
9.O-O Nbd7 10.Qe2 b5 11.Bb3 Bb7 12.Bg5 b4 13.Bxf6 Nxf6 14.Nd5 Nxd5 15.Bxd5 Bxd5
16.exd5 Qb6 17.Rfd1 Rfc8 18.a3 bxa3 19.bxa3 Bf6 20.Ne1 g6 21.Rab1 Qa5 22.Rb3 Rc5
23.Nd3 Rc3 24.Qf3 Kg7 25.Rxc3 Qxc3 26.Nb4 Qc5 27.Qe3 Rc8 28.Qxc5 Rxc5 29.Nxa6 Rxc2
30.f3 Bd8 31.Rb1 Rd2 32.Nb4 Bb6+ 33.Kh1 Bc5 34.h3 f5 35.g4 Kf6 36.h4 e4 37.fxe4 fxg4
38.Nc6 g3 39.Rf1+ Kg7  0-1

[Event "Pula op"]
[Site "Pula"]
[Date "1990.??.??"]
[Round "1"]
[White "Panbukchian, Valentin"]
[Black "Mihajlovic, Miodrag"]
[Result "1-0"]
[WhiteElo "2325"]
[BlackElo "2235"]

1.e4 c5 2.Nf3 d6 3.d4 cxd4 4.Nxd4 Nf6 5.Nc3 a6 6.Be3 e5 7.Nf3 Qc7 8.Bg5 Nbd7
9.a4 h6 10.Bh4 g5 11.Bg3 Nc5 12.Nd2 Be6 13.Be2 Be7 14.O-O h5 15.f3 h4 16.Bf2 Rd8
17.Re1 Kf8 18.a5 Qc6 19.Ra3 Rc8 20.Nf1 g4 21.Ne3 b5 22.axb6 g3 23.hxg3 hxg3
24.Bxg3 Qxb6 25.Qc1 Rb8 26.b3 d5 27.exd5 Bh3 28.Bf2 Rg8 29.Bf1 e4 30.Nc4  1-0

[Event "Rimavska Sobota"]
[Site "Rimavska Sobota"]
[Date "1990.??.??"]
[Round "3"]
[White "Palac, Mladen"]
[Black "Stohl, Igor"]
[Result "1-0"]
[WhiteElo "2505"]
[BlackElo "2530"]

1.e4 c5 2.Nf3 d6 3.d4 cxd4 4.Nxd4 Nf6 5.Nc3 a6 6.Be3 e6 7.Be2 Qc7 8.f4 Be7
9.O-O O-O 10.a4 b6 11.Bf3 Bb7 12.Qe2 Nc6 13.Qc4 Rfc8 14.f5 e5 15.Nb3 Qb8
16.Qe2 Nb4 17.Rad1 Bc6 18.g4 Qb7 19.Qg2 Nd7 20.g5 Bf8 21.f6 g6 22.h4 h5 23.Bxh5 gxh5
24.g6 Nxc2 25.gxf7+ Kxf7 26.Qxc2 Bxa4 27.Qe2 Rxc3 28.Qxh5+ Ke6 29.Qf5+ Kf7
30.bxc3 Bxb3 31.Qh5+ Ke6 32.Qg6 Bxd1 33.Qg8+  1-0

[Event "ARG-ch"]
[Site "San Luis"]
[Date "1990.??.??"]
[Round "1"]
[White "Gomez Baillo, Jorge H"]
[Black "Ricardi, Pablo"]
[Result "1/2-1/2"]
[WhiteElo "2430"]
[BlackElo "2380"]

1.e4 c5 2.Nf3 d6 3.d4 cxd4 4.Nxd4 Nf6 5.Nc3 a6 6.Be3 e5 7.Nf3 Qc7 8.a4 Be7
9.a5 Nbd7 10.Nd2 O-O 11.Nc4 Rb8 12.Ba7 Ra8 13.Be3 Rb8 14.Be2 Nc5 15.f3 Be6
16.Nb6 Ncd7 17.Qd2 Nxb6 18.Bxb6 Qc6 19.Rd1 Rfc8 20.O-O Nd7 21.Ba7 Ra8 22.Be3 Bd8
23.Ra1 b5  1/2-1/2

[Event "Wch U20"]
[Site "Santiago"]
[Date "1990.??.??"]
[Round "9"]
[White "Pupo, Emilio"]
[Black "Amir, Karim"]
[Result "1-0"]
[WhiteElo "2325"]
[BlackElo "2275"]

1.e4 c5 2.Nf3 d6 3.d4 cxd4 4.Nxd4 Nf6 5.Nc3 a6 6.Be3 e5 7.Nf3 h6 8.a4 Be6
9.a5 Nbd7 10.Be2 Be7 11.O-O O-O 12.Ra4 Ng4 13.Nd5 Bxd5 14.exd5 Nxe3 15.fxe3 b5
16.axb6 Qxb6 17.Qc1 f5 18.Kh1 Nc5 19.Ra3 Rab8 20.b3 Rfc8 21.Nd2 g6 22.Nc4 Qb7
23.Na5 Qd7 24.Nc6 Rxc6 25.dxc6 Qxc6 26.Qe1 Qb6 27.Qa5 Bg5 28.Qxb6 Rxb6 29.Rfa1 Bxe3
30.b4 Rxb4 31.Rxe3 Kg7 32.g3 g5 33.Rf1 f4 34.gxf4 gxf4 35.Rh3 Ne6 36.Rb3 Rd4
37.Rd1 e4 38.c3 Rxd1+ 39.Bxd1 Kf6 40.Rb6 Ke5 41.Rxa6 f3 42.Kg1 Nc7 43.Ra7 Ne6
44.Kf2 Nc5 45.Ke3 d5 46.Rh7 Ne6 47.Rh8 Ng7 48.Bxf3 Nf5+ 49.Kf2 exf3 50.Kxf3 d4
51.Re8+ Kf6 52.Rf8+ Kg5 53.Rxf5+ Kxf5 54.cxd4 h5 55.h4 Ke6 56.Ke4 Kd6 57.Kf5  1-0

[Event "Wch U16"]
[Site "Singapore"]
[Date "1990.??.??"]
[Round "?"]
[White "Dochev, Dimitar"]
[Black "Votava, Jan"]
[Result "1-0"]
[WhiteElo "2305"]
[BlackElo "2340"]

1.e4 c5 2.Nf3 d6 3.d4 cxd4 4.Nxd4 Nf6 5.Nc3 a6 6.Be3 e5 7.Nf3 Qc7 8.a4 Be6
9.a5 Nbd7 10.Be2 Be7 11.O-O O-O 12.Nd5 Bxd5 13.exd5 b5 14.axb6 Nxb6 15.c4 Nfd7
16.Nd2 f5 17.b4 Nxd5 18.cxd5 f4 19.Bc5 dxc5 20.Ne4 Bd6 21.Rc1 Ra7 22.Bg4 c4
23.Bxd7 Qxd7 24.Rxc4 a5 25.bxa5 Rxa5 26.Qd3 Rfa8 27.Rfc1 Ra1 28.h3 h6 29.Kh2 R1a3
30.R1c3 R3a5 31.Nxd6 Qxd6 32.Rc8+ Rxc8 33.Rxc8+ Kf7 34.Qf5+ Qf6 35.Qd7+ Qe7
36.Qf5+ Qf6 37.Qh5+ g6 38.Qxh6 Qd6 39.Qh7+ Kf6 40.Rc6 Rxd5 41.Qd7  1-0

[Event "Ticino op"]
[Site "Ticino"]
[Date "1990.??.??"]
[Round "?"]
[White "Gallagher, Joseph G"]
[Black "Belotti, Bruno"]
[Result "0-1"]
[WhiteElo "2470"]
[BlackElo "2415"]

1.e4 c5 2.Nf3 d6 3.d4 cxd4 4.Nxd4 Nf6 5.Nc3 a6 6.Be3 e6 7.Qd2 b5 8.f3 Bb7
9.g4 h6 10.O-O-O Nbd7 11.Bd3 Ne5 12.Rhe1 b4 13.Na4 d5 14.exd5 Nxd5 15.Bf2 Bd6
16.Bg3 Nxd3+ 17.Qxd3 O-O 18.Nb3 Rc8 19.Kb1 Qc7 20.Nac5 Rfd8 21.Qe2 Bc6 22.Bxd6 Rxd6
23.Qe5 Nc3+ 24.bxc3 Rxd1+ 25.Kb2 Qxe5 26.Rxe5 bxc3+  0-1

[Event "Tuzla"]
[Site "Tuzla"]
[Date "1990.??.??"]
[Round "7"]
[White "Mujic, Hamza"]
[Black "Angelov, Georgi"]
[Result "0-1"]
[WhiteElo "2315"]
[BlackElo "2335"]

1.e4 c5 2.Nf3 d6 3.d4 Nf6 4.Nc3 cxd4 5.Nxd4 a6 6.Be3 e5 7.Nb3 Be6 8.f4 Ng4
9.Bd2 Qb6 10.Qf3 exf4 11.Bxf4 Nd7 12.Nd5 Bxd5 13.exd5 Nge5 14.Qe3 Qxe3+ 15.Bxe3 Rc8
16.O-O-O g6 17.g3 Bg7 18.Kb1 O-O 19.Bh3 Rc7 20.c3 Nf6 21.Rhf1 Re8 22.Na5 Ne4
23.Bb6 Rce7 24.Bg2 Nd7 25.Bxe4 Nxb6 26.Bf3 Kf8 27.Bg4 h5 28.Bf3 Be5 29.Rd2 Kg7
30.Rdf2 Rc8 31.Kc2 Na4 32.Be2 Nxb2 33.Nc6 bxc6 34.Kxb2 cxd5 35.Bxa6 Rxc3
36.Kb1 Ra3 37.Bc8 Rc7 38.Bh3 Rb7+ 39.Kc1 Rc7+ 40.Kd1 Rd3+ 41.Ke2 Ra3 42.Kd1 f5
43.Bg2 Rc5 44.Rd2 d4 45.Rf3 Rac3 46.Ke2 Kf6 47.a4 R5c4 48.Kf2 Rxa4 49.Bf1 Ra1
50.Be2 Kg5 51.Kg2 Rac1 52.Bd3 h4 53.Rdf2 Rd1 54.Be2 Rd2 55.Bf1 Rxf2+ 56.Kxf2 hxg3+
57.hxg3 Kg4 58.Bd3 Kh3 59.Bf1+ Kh2 60.Bd3 Rb3 61.Bc4 Bxg3+ 62.Ke2 Rxf3 63.Kxf3 g5
64.Be6 g4+ 65.Ke2 Be5  0-1

[Event "Tuzla"]
[Site "Tuzla"]
[Date "1990.??.??"]
[Round "10"]
[White "Mujic, Hamza"]
[Black "Kaminski, Marcin"]
[Result "1-0"]
[WhiteElo "2315"]
[BlackElo "2315"]

1.e4 c5 2.Nf3 d6 3.d4 cxd4 4.Nxd4 Nf6 5.Nc3 a6 6.Be3 e6 7.g4 b5 8.Bg2 Bb7
9.g5 Nfd7 10.O-O Ne5 11.f4 Nc4 12.Bf2 Nxb2 13.Qh5 g6 14.Qe2 Qa5 15.Nd5 Na4
16.Nb3 Qd8 17.Bd4 Bxd5 18.exd5 e5 19.fxe5 Qe7 20.e6 fxe6 21.Bxh8 e5 22.Bf6 Qa7+
23.Kh1 Nd7 24.Qg4 Nac5 25.Rae1  1-0

[Event "USA op"]
[Site "USA"]
[Date "1990.??.??"]
[Round "?"]
[White "Edelman, Daniel"]
[Black "Byrne, Robert E"]
[Result "1/2-1/2"]
[WhiteElo "2360"]
[BlackElo "2460"]

1.e4 c5 2.Nf3 d6 3.d4 cxd4 4.Nxd4 Nf6 5.Nc3 a6 6.Be3 e5 7.Nf3 Be7 8.Bc4 O-O
9.O-O Nc6 10.Qe2 Na5 11.Bb3 Be6 12.Rfd1 Qc7 13.h3 Rac8 14.Rd2 Nc4 15.Bxc4 Bxc4
16.Qe1 b5 17.a3 h6 18.Nh4 Nxe4  1/2-1/2

[Event "Val Maubuee op"]
[Site "Val Maubuee"]
[Date "1990.??.??"]
[Round "?"]
[White "Lanka, Zigurds"]
[Black "Apicella, Manuel"]
[Result "1-0"]
[WhiteElo "2480"]
[BlackElo "2390"]

1.e4 c5 2.Nf3 d6 3.d4 cxd4 4.Nxd4 Nf6 5.Nc3 a6 6.Be3 e5 7.Nb3 Be6 8.f4 Qc7
9.f5 Bc4 10.g4 h6 11.Qf3 Nbd7 12.O-O-O b5 13.Kb1 Rc8 14.Bxc4 Qxc4 15.Rc1 b4
16.Nd2 Qc6 17.Nd5 Nxd5 18.exd5 Qb5 19.Rcd1 Be7 20.Ne4 Qc4 21.Qg2 Nf6 22.Nxf6+ gxf6
23.b3 Qb5 24.h4 Kd7 25.g5 hxg5 26.hxg5 fxg5 27.f6 Rxh1 28.Rxh1 Bxf6 29.Rf1 Be7
30.Qg4+ Kd8 31.Rxf7 Rc7 32.Bxg5 Bxg5 33.Qxg5+ Kc8 34.Rf8+ Kb7 35.Qd8 Kb6
36.Rf7  1-0

[Event "Vladivostok op"]
[Site "Vladivostok"]
[Date "1990.??.??"]
[Round "?"]
[White "Soloviov, Sergei"]
[Black "Epstein, Esther"]
[Result "0-1"]
[WhiteElo "2370"]
[BlackElo "2250"]

1.e4 c5 2.Nf3 d6 3.d4 cxd4 4.Nxd4 Nf6 5.Nc3 a6 6.Be3 e6 7.Qf3 Nbd7 8.O-O-O Qc7
9.Qg3 Rg8 10.f4 b5 11.e5 dxe5 12.fxe5 Qxe5 13.Bf4 Qc5 14.Bxb5 axb5 15.Ndxb5 Ne4
16.Qf3 Nxc3 17.Nc7+ Kd8 18.Nxa8 Nxd1 19.Rxd1 Be7 20.Kb1 Qb5 21.Bc7+ Ke8 22.Bb6 Kf8
23.Qc3 Qa6 24.Ba7 Qb7 25.Nb6 Nxb6 26.Bxb6 f5 27.Bd4 Kf7 28.Qh3 Rd8 29.Qxh7 Qxg2
30.Qh5+ Qg6 31.Qxg6+ Kxg6 32.Rg1+ Kf7 33.c3 g5 34.a4 g4 35.Kc2 Bd6 36.Rg2 Bb7
37.Rf2 f4 38.b4 e5 39.Bb6 Rc8 40.Kb3 Bd5+ 41.Kb2 Ke6 42.a5 Bc4  0-1

[Event "Vrnjacka Banja"]
[Site "Vrnjacka Banja"]
[Date "1990.??.??"]
[Round "6"]
[White "Kaminski, Uwe"]
[Black "Marjanovic, Slavoljub"]
[Result "1/2-1/2"]
[WhiteElo "2410"]
[BlackElo "2480"]

1.e4 c5 2.Nf3 d6 3.d4 cxd4 4.Nxd4 Nf6 5.Nc3 a6 6.Be3 e5 7.Nf3 Qc7 8.a4 b6
9.Bg5 Nbd7 10.Nd2 Bb7 11.Bc4  1/2-1/2

[Event "Warsaw Legion op"]
[Site "Warsaw"]
[Date "1990.??.??"]
[Round "?"]
[White "Zyla, Janusz"]
[Black "Staniszewski, Piotr"]
[Result "1-0"]
[WhiteElo "2275"]
[BlackElo "2410"]

1.e4 c5 2.Nf3 d6 3.d4 cxd4 4.Nxd4 Nf6 5.Nc3 a6 6.Be3 e6 7.Qd2 Be7 8.f3 Nc6
9.O-O-O O-O 10.g4 Nxd4 11.Bxd4 Nd7 12.h4 b5 13.g5 b4 14.Ne2 Ne5 15.Ng1 Qa5
16.Kb1 Bb7 17.h5 f5 18.gxf6 Bxf6 19.Qe3 Qa4 20.Bh3 Rae8 21.Ne2 a5 22.Rhg1 Nxf3
23.Bxf6 Rxf6 24.Rg3 b3 25.axb3 Qxe4 26.Qxe4 Bxe4 27.Rxd6 h6 28.Nc3 Ba8 29.Nb5 Ng5
30.Nc7 Rc8 31.Nxa8 Rxa8 32.Bg4 a4 33.b4 Rc8 34.b5 Rf1+ 35.Ka2 Rxc2 36.Rd4 a3
37.Kxa3 Ra1+  1-0

[Event "Warsaw"]
[Site "Warsaw"]
[Date "1990.??.??"]
[Round "5"]
[White "Gdanski, Jacek"]
[Black "Kuczynski, Robert"]
[Result "1/2-1/2"]
[WhiteElo "2430"]
[BlackElo "2460"]

1.e4 c5 2.Nc3 d6 3.Nf3 Nf6 4.d4 cxd4 5.Nxd4 a6 6.Be3 e5 7.Nb3 Be6 8.f3 Nbd7
9.Qd2 b5 10.a4 b4 11.Nd5 Bxd5 12.exd5 Nb6 13.Bxb6 Qxb6 14.a5 Qb7 15.Bc4 Be7
16.Ra4 Rb8 17.Qd3 Ra8 18.Qd2 Rb8 19.Qd3 Ra8  1/2-1/2

[Event "Hoogovens-B"]
[Site "Wijk aan Zee"]
[Date "1990.??.??"]
[Round "4"]
[White "Peelen, Piet"]
[Black "Brenninkmeijer, Joris"]
[Result "1/2-1/2"]
[WhiteElo "2380"]
[BlackElo "2475"]

1.e4 c5 2.Nf3 d6 3.d4 cxd4 4.Nxd4 Nf6 5.Nc3 a6 6.Be3 e6 7.g4 h6 8.Bg2 Nc6
9.h3 Bd7 10.f4 Qc7 11.Qe2 Rc8 12.O-O Be7 13.Rad1 O-O 14.Bf3 b5 15.a3 Nxd4
16.Bxd4 e5 17.Be3 exf4 18.Bxf4 Be6 19.Qh2 b4 20.axb4 Qb6+ 21.Kh1 Qxb4 22.Nd5 Bxd5
23.c3 Qb6 24.exd5 Nd7 25.Be4 Rb8 26.b4 a5 27.bxa5 Qxa5 28.Bxd6 Bxd6 29.Qxd6 Qxc3
30.Rf3 Qe5 31.Qxe5  1/2-1/2

[Event "Acasusso op"]
[Site "Acasusso"]
[Date "1991.??.??"]
[Round "6"]
[White "Spangenberg, Hugo"]
[Black "Fiorito, Fabian"]
[Result "0-1"]
[WhiteElo "2220"]
[BlackElo "2435"]

1.e4 c5 2.Nf3 d6 3.d4 cxd4 4.Nxd4 Nf6 5.Nc3 a6 6.Be3 e6 7.Qd2 Nc6 8.f3 Be7
9.O-O-O O-O 10.g4 Nxd4 11.Bxd4 Nd7 12.Kb1 b5 13.h4 b4 14.Ne2 a5 15.Ng3 Qc7
16.g5 d5 17.f4 dxe4 18.h5 e5 19.Nf5 Bc5 20.g6 Bxd4 21.gxh7+ Kxh7 22.Qg2 exf4
23.Rxd4 Qe5 24.Rd5 Qf6 25.Qxe4 Qe6 26.Qf3 Ne5 27.Qg2 Qf6 28.Nd6 f3 29.Qg3 Rd8
30.Ne4 Qe7 31.Bd3 Nxd3 32.Rg1 Rg8 33.cxd3 Be6 34.h6 gxh6  0-1

[Event "Anapa"]
[Site "Anapa"]
[Date "1991.??.??"]
[Round "?"]
[White "Varavin, Viktor"]
[Black "Rechel, Bernd"]
[Result "0-1"]
[WhiteElo "2455"]
[BlackElo "2370"]

1.e4 c5 2.Nf3 d6 3.d4 cxd4 4.Nxd4 Nf6 5.Nc3 a6 6.Be3 e5 7.Nf3 h6 8.Bc4 Be6
9.Nd5 Nbd7 10.Nxf6+ Nxf6 11.Bxe6 fxe6 12.Nh4 Kf7 13.Qd3 Qa5+ 14.c3 Qa4 15.c4 Rc8
16.Rc1 Qc6 17.Nf3 Qxe4 18.Qe2 d5 19.c5 Nd7 20.O-O Bxc5 21.Nd2 Qf5 22.Nb3 d4
23.Bd2 Bb6 24.Bb4 e4 25.Nd2 Rxc1 26.Rxc1 d3 27.Qxe4 Bxf2+ 28.Kf1 Bd4+ 29.Qxf5+ exf5
30.b3 Ne5 31.Rc7+ Kg6 32.Bd6 Rd8 33.Bxe5 Bxe5 34.Rxb7 Bc3 35.Rb6+ Kh7 36.Nb1 Ba5
37.Rxa6 d2 38.Nxd2 Bxd2 39.Rb6 Be3 40.Rb5 f4 41.a4 Rd2 42.h4 g5 43.hxg5 hxg5
44.a5 g4 45.a6 f3 46.gxf3 gxf3  0-1

[Event "Anapa"]
[Site "Anapa"]
[Date "1991.??.??"]
[Round "?"]
[White "Panbukchian, Valentin"]
[Black "Savon, Vladimir A"]
[Result "1-0"]
[WhiteElo "2350"]
[BlackElo "2460"]

1.e4 c5 2.Nf3 d6 3.d4 cxd4 4.Nxd4 Nf6 5.Nc3 a6 6.Be3 e5 7.Nf3 Be7 8.Bc4 O-O
9.Qe2 Be6 10.Rd1 Nc6 11.O-O b5 12.Bb3 Rc8 13.Bg5 Nh5 14.Bxe7 Qxe7 15.Qd2 Rfd8
16.Rfe1 Nf6 17.Nd5 Bxd5 18.exd5 Nb8 19.a4 Qb7 20.axb5 Qxb5 21.Nh4 Qb6 22.Ra1 Rc5
23.h3 h6 24.g4 Nh7 25.Nf5 Nf8 26.Ra4 Ng6 27.Kh2 Rdc8 28.h4 Qd8 29.Kh3 Qf6
30.h5 Nf4+ 31.Rxf4 exf4 32.Ne7+ Kh8 33.Nxc8 Rxc8 34.Re4 Qxb2 35.Qb4 Qc3+
36.Kg2 Nd7 37.Qxd6 Nf6 38.Rxf4 Re8 39.Qb4 Qe5 40.Rf5 Qe2 41.Rf4 a5 42.Qc4 Qe5
43.Qd4 Qd6 44.c4 Rc8 45.Ba4 Qb4 46.Bc6 a4 47.c5 Qa5 48.Qb4 Qa7 49.Qb6 Qe7
50.Rxa4 Qe2 51.Qa6 Qxa6 52.Rxa6 Nxg4 53.Ra8  1-0

[Event "Anapa"]
[Site "Anapa"]
[Date "1991.??.??"]
[Round "?"]
[White "Panbukchian, Valentin"]
[Black "Rechel, Bernd"]
[Result "1/2-1/2"]
[WhiteElo "2350"]
[BlackElo "2370"]

1.e4 c5 2.Nf3 d6 3.d4 cxd4 4.Nxd4 Nf6 5.Nc3 a6 6.Be3 e5 7.Nf3 h6 8.Bc4 Be6
9.Qe2 Qc8 10.Bb3 Nbd7 11.O-O Qc6 12.Nd2 Be7 13.f4 exf4 14.Bxf4 Ne5 15.Nf3 Nxf3+
16.Qxf3 O-O 17.Rae1 Rae8 18.Kh1 Bd8 19.Nd5 Bxd5 20.exd5 Qd7 21.h3 Rxe1 22.Rxe1 Re8
23.Rxe8+ Qxe8 24.Qe3 Qxe3 25.Bxe3 Ne4 26.Bc4 Bg5 27.Bb6 Bc1 28.b3 Ba3 29.Bd3 Nc3
30.Bd4 Nxa2 31.Bf5 b5 32.Bc8 Nb4 33.c4 bxc4 34.bxc4 Kf8 35.Bb6 Ke7 36.Ba5 Kf6
37.Bxb4 Bxb4 38.Bxa6 Bc5 39.Bb5 Ke5 40.g4 g6 41.Kg2  1/2-1/2

[Event "Anapa"]
[Site "Anapa"]
[Date "1991.??.??"]
[Round "?"]
[White "Varavin, Viktor"]
[Black "Doroshkievich, Vladimir K"]
[Result "1-0"]
[WhiteElo "2455"]
[BlackElo "2350"]

1.e4 c5 2.Nf3 d6 3.d4 cxd4 4.Nxd4 Nf6 5.Nc3 a6 6.Be3 e6 7.Qd2 b5 8.f3 Bb7
9.g4 h6 10.O-O-O Nbd7 11.h4 b4 12.Nce2 d5 13.Ng3 dxe4 14.g5 hxg5 15.hxg5 Rxh1
16.Nxh1 Nd5 17.g6 Nxe3 18.gxf7+ Kxf7 19.Qxe3 Qh4 20.fxe4 Bxe4 21.Nf3 Qh6
22.Ng5+ Ke8 23.Ng3 Bc5 24.Qxe4 Qxg5+ 25.Kb1 Rd8 26.Qxe6+ Qe7 27.Qxa6 Nb6
28.Qb5+ Kf7 29.Bc4+ Nxc4 30.Qxc4+ Kg6 31.Qg4+ Kh7 32.Rh1+ Kg8 33.Qc4+ Qf7
34.Qxc5  1-0

[Event "Anapa"]
[Site "Anapa"]
[Date "1991.??.??"]
[Round "?"]
[White "Panbukchian, Valentin"]
[Black "Doroshkievich, Vladimir K"]
[Result "1/2-1/2"]
[WhiteElo "2350"]
[BlackElo "2350"]

1.e4 c5 2.Nf3 d6 3.d4 cxd4 4.Nxd4 Nf6 5.Nc3 a6 6.Be3 e5 7.Nf3 Be7 8.Bc4 O-O
9.Qe2 Nbd7 10.a4 b6 11.Rd1 Bb7 12.Bg5 Ne8 13.Bxe7 Qxe7 14.Bd5 Nc5 15.O-O Rd8
16.Bxb7 Qxb7 17.Nxe5 Nf6 18.Nc4 Ncxe4 19.Nxe4 Nxe4 20.Rfe1 d5 21.Ne3 Nc5
22.Qf3 d4 23.Qxb7 Nxb7 24.Nc4 b5 25.axb5 axb5 26.Ne5 Na5 27.b4 Nc4 28.Nf3 g6
29.Rxd4 Na3 30.c3 Rc8 31.Rd3 Rc7 32.Ra1 Nc4 33.Nd4 Rb8 34.f4 Rb6 35.Ra2 Kg7
36.Re2 Ra7 37.g4 h6 38.Kg2 Kf8 39.Rh3 Kg7 40.g5 hxg5 41.fxg5 Nd6 42.Rf3 Nc4
43.Rf4 Rc7 44.h4 Na3 45.Rf3 Nb1 46.Ree3 Rbb7 47.h5 gxh5 48.Rf6 Rb8 49.Nf5+ Kg8
50.Re7 Rxe7 51.Nxe7+ Kg7 52.Nf5+ Kh7 53.Rc6 Rd8 54.Nd6 Nxc3 55.Nxf7 Rd3 56.Nd6 Nd5
57.Nf5 Nf4+ 58.Kh2 Rd5 59.Rf6 Re5 60.Kg3 Ng6 61.Rf7+ Kh8  1/2-1/2

[Event "Anapa"]
[Site "Anapa"]
[Date "1991.??.??"]
[Round "?"]
[White "Beshukov, Sergei"]
[Black "Skalik, Przemyslaw"]
[Result "1/2-1/2"]
[WhiteElo "2310"]
[BlackElo "2400"]

1.e4 c5 2.Nf3 d6 3.d4 cxd4 4.Nxd4 Nf6 5.Nc3 a6 6.Be3 e5 7.Nf3 Qc7 8.a4 Be7
9.Bd3 O-O 10.O-O h6 11.a5 Nc6 12.Na4 Be6 13.Nb6 Rab8 14.c4 Rfe8 15.h3 Nb4
16.b3 Nxd3 17.Qxd3 Nd7 18.Nd5 Bxd5 19.cxd5 Rec8 20.Rfc1 Qd8 21.b4 Rxc1+ 22.Rxc1 Rc8
23.Rc4 Nf6 24.Nd2 Ne8 25.Rxc8 Qxc8 26.b5 axb5 27.Qxb5 Bg5 28.Bxg5 hxg5 29.Nc4 Kf8
30.Kh2 Ke7 31.Qb4 f6 32.Ne3 Qc7 33.Qb6 Kd7 34.Qb5+ Kd8 35.Nc4 Qd7 36.Qb6+ Qc7
37.Ne3 Kc8 38.Nf5 Qd7 39.g4 g6 40.Ng3 Qa4 41.Kg2 Qd7 42.Qb4 Nc7 43.Nf1 Na6
44.Qc4+ Nc5 45.Nd2 Kd8 46.Nb3 Nxb3 47.Qxb3 Qc7 48.Qb4 Ke7 49.Qb5 Kd8 50.a6 bxa6
51.Qxa6 Qb8 52.Qc4 Qb1 53.Qa4 Qb7 54.Qa3 Ke7 55.Qc1 Qb4 56.Qc7+ Kf8 57.Qd8+ Kf7
58.Qd7+ Kf8 59.Qc8+ Kg7 60.Qc7+ Kg8 61.Qc8+ Kg7  1/2-1/2

[Event "AUT-ch"]
[Site "?"]
[Date "1991.??.??"]
[Round "?"]
[White "Wittmann, Walter"]
[Black "Lendwai, Reinhard"]
[Result "1/2-1/2"]
[WhiteElo "2370"]
[BlackElo "2405"]

1.e4 c5 2.Nf3 d6 3.d4 cxd4 4.Nxd4 Nf6 5.Nc3 a6 6.Be3 e5 7.Nf3 Qc7 8.Be2 h6
9.a4 b6 10.O-O Be6 11.Ne1 Nbd7 12.Nd3 Qb7 13.Nb4 Nc5 14.f3 Be7 15.Qd2 O-O
16.Rfd1 Rfc8 17.Ncd5 Bxd5 18.Nxd5 Nxd5 19.Qxd5 Qxd5 20.Rxd5 Ne6 21.c3 Nc7
22.Rdd1 Rab8 23.g3 Rd8 24.Rd2 Kf8 25.Rad1 b5 26.a5 Ne6 27.c4 b4 28.Bb6 Rxb6
29.axb6 Nc5 30.Kf2 a5 31.Rd5 a4 32.Ra1 Rb8 33.Rxc5 dxc5 34.Rxa4 Bd8 35.Ra7 Bxb6
36.Rd7 Rd8 37.Rb7 Rd6 38.f4 f6 39.Ke3 Bd8 40.Bh5 Rd4 41.Rf7+ Kg8 42.Rb7 Kf8
43.Rf7+ Kg8 44.f5 Rxc4 45.Rb7 Kf8 46.Bf7 Rc2 47.b3 Rxh2 48.Bc4 h5 49.Rf7+ Ke8
50.Rxg7 h4 51.gxh4 Rh3+ 52.Ke2 Rxh4 53.Bd5 Rh3 54.Rb7 Rc3 55.Bf7+ Kf8 56.Rd7 Be7
57.Bc4 Ke8 58.Bb5 Kf8  1/2-1/2